00420nam a2200169Ia 4500008004100000020001400041245002600055245005200081260001500133260001600148260000900164300001500173300002500188300001000213500000800223999001900231170705s9999 xx 000 0 und d a590404008 4aThe hundred dresses / cEleanor Estes ; illustrated by Louis Slobodkin. aNew York : bScholastic, c1973 a78 pages : bcolor illustration ; c19cm. a870 c336460d336460